000 00679nam a2200229 a 4500
001 BRCA_4732
005 20190320204800.0
008 071010s1935----nyua######---#000-0#eng-#
041 _aeng
044 _anyu
050 4 _aNK5104
_b.M66 1935
100 1 _aMoore, Hudson N.
_910546
245 1 0 _aOld Glass
_bEuropean and American
_cby N. Hudson Moore.
260 _aNueva York
_bTudor
_c1935
300 _axvi, 394 p.
_bil., 265 láminas
_c24 cm.
500 _aIncluye índice de ilustraciones e índice analítico
500 _aD73
650 1 4 _aCristalería
_xHistoria
_9686
650 1 4 _aColeccionistas y colecciones
_xCristalería
_911991
902 _aGFM
942 _2lcc
_cB
999 _c4430
_d4430